Welcome to the Holygrace Academy Library

Please use search bar below to get started

DR.JEKYLL AND MR. HYDE (Record no. 2213)

MARC details
000 -LEADER
fixed length control field 00441nam a22001577a 4500
020 ## - INTERNATIONAL STANDARD BOOK NUMBER
ISBN 978-81-8388-700-7
082 ## - DEWEY DECIMAL CLASSIFICATION NUMBER
Classification number 823
Item number STE/J
100 ## - MAIN ENTRY--AUTHOR NAME
Personal name STEVENSON/ ROBERT LOUS
245 ## - TITLE STATEMENT
Title DR.JEKYLL AND MR. HYDE
Remainder of title SPIDER JUNIOR CLASSICS
246 ## - VARYING FORM OF TITLE
Title proper/short title DR.JEKYLL AND MR. HYDE
Remainder of title SPIDER JUNIOR CLASSICS
260 ## - PUBLICATION, DISTRIBUTION, ETC. (IMPRINT)
Place of publication CHENNAI
Name of publisher SPIDER BOOKS
Year of publication 2017
300 ## - PHYSICAL DESCRIPTION
Number of Pages 32
520 ## - SUMMARY, ETC.
Summary, etc SPIDER JUNIOR CLASSICS
650 ## - SUBJECT ADDED ENTRY--TOPICAL TERM
Topical Term SPIDER JUNIOR CLASSICS
942 ## - ADDED ENTRY ELEMENTS (KOHA)
Koha item type Books
Holdings
Withdrawn status Lost status Collection code Home library Current library Shelving location Date acquired Source of acquisition Cost, normal purchase price Full call number Accession Number Koha item type
    Fiction Main Library Main Library SHELF 4-D MYTHOLOGY 29/10/2019 Purchase 25.00 823 STE/J 11807 Books